000 00645nam a22002297a 4500
001 BD-DhSAU 5211
003 BD-DhSAU
005 20150412140414.0
008 150412b1991 ii a|||| |||| 001 0 eng d
020 _a8122401252
040 _aBD-DhSAU
082 _222
_a539.7
_bPAN
100 _aPatel, S B
245 _aNuclear physics :
_ban introduction /
_cS B Patel
260 _aNew Delhi :
_bWiley Eastern Limited ,
_cc1991.
300 _aviii, 346 p. :
_bill. ;
_c24 cm.
504 _aIncludes bibliographical references & index.
590 _aJerin
650 _aNuclear physics.
650 _aPhysique nucléaire.
650 _aKernphysik.
942 _2ddc
_cBOOK
999 _c5211
_d5211